Cesty moderního programování /

Salvato in:
Dettagli Bibliografici
Autore principale: Koubský, Petr (Autore)
Natura: Libro
Lingua:ceco
Pubblicazione: Praha : Grada, 1991
Serie:"Nestůjte za dveřmi
Tags: Aggiungi Tag
Nessun Tag, puoi essere il primo ad aggiungerne!!

MARC

LEADER 00000nam a22000003a 4500
001 stu21173
005 20150617225753.8
008 950411s1991----cs------------------cze-d
020 |a 80-85424-32-0 
040 |a STU  |b slo 
041 0 |a cze 
044 |a cs 
080 |a 681.3.06 
100 1 |a Koubský, Petr  |4 aut 
245 1 |a Cesty moderního programování /  |c [aut.]Koubský,Petr 
260 |a Praha :  |b Grada,  |c 1991 
300 |a 321 s :  |b Tab.,grafy,register 
830 0 |a "Nestůjte za dveřmi 
996 |b CB1742  |c C*B1742  |l CCXX  |s P  |a 0  |w stu21173_0001 
996 |b CB2033  |c C*B2033  |l CCVI  |s P  |a 0  |w stu21173_0002